000 01114nam a2200313 a 4500
003 OSt
005 20131022174214.0
008 131022s1999 sz ||||| |||| 00| 0 spa d
020 _a92-4-320883-7
040 _cBiblioteca Medicina
041 _aspa
082 _bOMS IT 883
110 _aOrganizacion Mundial de la Salud
_91006
245 0 0 _aCuestiones de inocuidad de los alimentos asociadas con los productos de la acuicultura.
_bInforme de un Grupo de Estudio Mixto FAO/RCAAP/OMS
250 _a1ยบ ed.
260 _aGinebra
_bOrganizacion Mundial de la Salud
_c1999
300 _a64 p.
440 0 0 _aInformes Tecnicos
_n883
_92780
653 _aCRUSTACEA-PARASITOLOGIA
653 _aCRUSTACEA-MICROBIOLOGIA
653 _aPRODUCTOS PESQUEROS-PARASITOLOGIA
653 _aPRODUCTOS PESQUEROS-MICROBIOLOGIA
653 _aACUICULTURA
653 _aCONTAMINACION DE ALIMENTOS
653 _aSUSTANCIAS PELIGROSAS-EFECTOS ADVERSOS
653 _aCONTROL DE RIESGO-METODOS
942 _2ddc
_cPH
999 _c1861
_d1861
952 _pH0101
_40
_00
_bBFM
_10
_oOMS IT 883
_d2013-10-22
_tEj. 1
_8NFIC
_70
_cCR
_2ddc
_yPH
_aBFM